World Cup 2018 - Statistics

General Stats
  • This quiz has been taken 33 times
  • The average score is 26 of 32
Answer Stats
Answer % Correct
Argentina
100%
France
97%
Brazil
93%
Spain
93%
Sweden
93%
Colombia
90%
Croatia
90%
Peru
90%
Portugal
90%
Russia
90%
England
87%
Germany
87%
Japan
87%
Mexico
87%
Belgium
83%
Poland
83%
Uruguay
83%
Denmark
80%
Morocco
80%
South Korea
80%
Egypt
77%
Iran
77%
Australia
73%
Iceland
73%
Nigeria
73%
Panama
73%
Serbia
73%
Saudi Arabia
70%
Switzerland
70%
Costa Rica
67%
Tunisia
67%
Senegal
47%
No matching quizzes found
Score Distribution
Percent of People with Each Score
Percentile by Number Answered
Your Score History
You have not taken this quiz